Регионална библиотека "Любен Каравелов" - Русе

Въстанието на Ивайло (Запис номер 171834)

MARC детайли
000 -Лидер
Контролно поле с фиксирана дължина 01147nam a2200313 a 4500
003 - Код на организацията, давaща контролен номер
Контролно поле BLK
005 - Дата и час на последна редакция
Контролно поле 20250119004142.0
008 - Елементи от данни с фиксирана дължина
fixed length control field 180411b bul|||||r ||||||| ||bul||
010 ## - Наследен системен номер
LC control number KNG00180125000
040 ## - Източник на каталожния запис
Идентификатор на билиотеката - собственик на записа BLK
041 ## - Код за език
Код за езика на текст/звукозапис или на отделно заглавие Български
Код за езика КДБФ Български
080 ## - УДК
Текстов определител УДК България (1280-1323)
УДК код - определител по УДК 94(497.2)"1280/1323"
УДК - код + определител 94(497.2)"1280/1323"
100 1# - Редна дума - Автор
Автор Петров, Петър Христов
Авторска отговорност първи автор
R(LIN) 365020
139 ## - Редно поле
Редна дума Петров, Петър Христов
Авторски знак Петро - П 47
245 10 - Сведения за заглавието
Заглавие Въстанието на Ивайло
Редно поле (дума) Петър Христов Петров.
257 ## - Страна на издаване
Страна на създаване/издаване България
260 ## - Област на издателските данни
Име на издателя, разпространителя и проч. Нар. просв.
Година на издаване 1960
Място на издаване, разпространение и проч. София
300 ## - Физическа характеристика
Страници 72 с.
Размери/Мащаб 20 см
380 ## - Жанр
Жанр История
490 1# - СЕРИИ (Колекции)
Име на серия Популярна историческа библиотека
650 #7 - Допълнително описание по предмет – тема
Основно описание – тема или топоним България - история, средни векове
Източник на редна или ключова дума
9 (RLIN) 149610
653 ## - Ключова дума – ненормативна
Ключова дума история
653 ## - Ключова дума – ненормативна
Ключова дума въстания
653 ## - Ключова дума – ненормативна
Ключова дума Ивайло
852 ## - Местоположение
Форматна сигнатура Цб 16421
Фондова буква Хранилище
999 ## - СИСТЕМНИ КОНТРОЛНИ НОМЕРА
Koha biblionumber 171834
Koha biblioitemnumber 171834
942 ## - АРТИКУЛИ
Вид на библиотечния материал Книги
Скрит в OPAC Не
Периодичен библиозапис Да
944 ## - СЪЗДАВАНЕ И РЕДАКЦИЯ на ЗАПИСА
Създаване/Редакция Създаване
Дата на регистрацията/редакция 21.08.2015
Служител, извършил регистрацията/редакцията
Статус, дата на статуса CRON CRON
944 ## - СЪЗДАВАНЕ И РЕДАКЦИЯ на ЗАПИСА
Създаване/Редакция Редакция
Дата на регистрацията/редакция 2021-12-07
Служител, извършил регистрацията/редакцията Ренета Константинова
Наличности
Код за отписване Код за изгубен артикул Източник на класификационната схема Код за повреда Коз за рестрикции Код за отдаване Артикулен № Име на библиотеката - собственик Име на библиотеката, в която се намира в момента Статус (Текущо местоположение) Дата на вписване в системата Местоположение - отдел Цена в лева Инвентарен номер Систематично азбучна сигнатура Баркод Номер на екземпляра Цена в евро Служебна бележка Служебен тип на артикула
  Не е изгубен Universal Decimal Classification Не е повреден само за читалня ползва се в читалня 292411 Регионална библиотека "Любен Каравелов" Русе Регионална библиотека "Любен Каравелов" Русе Хранилище 1960-01-01 Хранилище 0.15 3929/60 Цб 16421 900000084927 1 0.08 Вид: Сф N: стар фонд Дата: 01.01.1960 Книги
Изтеглен Не е изгубен Universal Decimal Classification Не е повреден без рестрикции заемане за дома 292412 Регионална библиотека "Любен Каравелов" Русе Регионална библиотека "Любен Каравелов" Русе Заемна - подръчен фонд 1960-01-01 Заемна - подръчен фонд 0.00 4671/60 П 949.72.03.032/П 47 4671/60 2 0.00 Вид: Сф N: стар фонд Дата: 01.01.1960 Книги
Изтеглен Не е изгубен Universal Decimal Classification Не е повреден без рестрикции заемане за дома 292413 Регионална библиотека "Любен Каравелов" Русе Регионална библиотека "Любен Каравелов" Русе Заемна - подръчен фонд 1960-01-01 Заемна - подръчен фонд 0.00 4674/60 П 949.72.03.032/П 47 4674/60 3 0.00 Вид: Сф N: стар фонд Дата: 01.01.1960 Книги
Vip Innovations Ltd, Rousse, Bulgaria 2025